| 000 | 00740nam a22002177a 4500 | ||
|---|---|---|---|
| 005 | 20221003121452.0 | ||
| 008 | 140924t spu||||| |||| 00| 0 spa d | ||
| 020 | _a8476583303 | ||
| 050 |
_aBL42 _bC84 1992 |
||
| 100 |
_aGómez Caffarena, José, _e coord. |
||
| 245 | 0 |
_aCuestiones epistemológicas : _cmateriales para una filosofía de la religión I / _hMardones, José María, coord. |
|
| 250 | _a1a ed. | ||
| 260 |
_aBarcelona, España : _bAnthropos, _c1992 |
||
| 300 |
_a300 p. ; _c20 cm. |
||
| 490 | 0 |
_aFilosofía de la Religión, _vNo. 64. |
|
| 504 | _aIncluye índice | ||
| 650 | 4 |
_aReligión _xFilosofía |
|
| 700 |
_aGómez Caffarena, José, _ecoord. |
||
| 700 |
_aMardones, José María, _ecoord. |
||
| 942 |
_2ddc _cLIB |
||
| 999 |
_c81098 _d81098 |
||